Finales de Recopa Sudamericana - Estadísticas

Estadísticas generales
  • Esta prueba ha sido intentada 118 veces
    11 desde el último reinicio
  • La puntuación promedio es 88 de 129
Estadísticas de respuestas
Respuesta % Correcto
Boca Juniors
100%
Botafogo
100%
Cruzeiro
100%
Flamengo
100%
Lanús
100%
Nacional
100%
Palmeiras
100%
River Plate
100%
Santos
100%
São Paulo
100%
Atlético Nacional
91%
Buenos Aires
91%
Grêmio
91%
Independiente
91%
Independiente del Valle
91%
Internacional
91%
La Bombonera
91%
Liga de Quito
91%
Olimpia
91%
Quito
91%
Racing Club
91%
Río de Janeiro
91%
Atlético Mineiro
82%
Cienciano
82%
Colo-Colo
82%
Corinthians
82%
Defensa y Justicia
82%
Fluminense
82%
Maracaná
82%
Universidad de Chile
82%
Athletico Paranaense
73%
Belo Horizonte
73%
Independiente Santa Fe
73%
Once Caldas
73%
Porto Alegre
73%
San Lorenzo
73%
Vélez Sarsfield
73%
Arsenal
64%
Chapecoense
64%
Estudiantes
64%
Medellín
64%
Tokio
64%
Pachuca
55%
Miami
45%
Atanasio Girardot
36%
Manizales
36%
Mineirão
36%
Nuevo Gasómetro
36%
Allianz Parque
27%
Arena do Grêmio
27%
Beira-Rio
27%
Brasilia
27%
Casa Blanca
27%
Los Ángeles
27%
Monumental
27%
Morumbi
27%
Olímpico Nilton Santos
27%
Pacaembú
27%
Palogrande
27%
Centenario
18%
José Amalfitani
18%
Kōbe
18%
Mané Garrincha
18%
Olímpico de Tokio
18%
Quilmes
18%
Monumental
9%
Fort Lauderdale
0%
Lockhart Stadium
0%
Memorial Coliseum
0%
Memorial Stadium
0%
Orange Bowl
0%
No se encontraron pruebas coincidentes
Distribución de puntuación
Porcentaje de gente con cada puntuación
Porcentaje por número respondido
Historial de tus puntuaciones
No has intentado esta prueba desde el último reinicio